LEADER 00954nam a2200229 4500 001 000000363181 003 CaOOAMICUS 005 20250617105836.0 008 250616s2024 it 000 u ita r 020 $a978-88-00-86433-6 040 $aSeMil$bita 100 1 $aTommasi, Chiara Ombretta,$d<1973- >.$0(OLS)http://semarc/name/111069 245 10$aReligioni :$buna storia globale /$cChiara Ombretta Tommasi. 264 1$aFirenze :$bLe Monnier Università,$c2024. 300 $aVIII, 691 p. ;$c24 cm 650 4$aReligioni - Storia.$0(OLS)http://semarc/subject/266 850 $aSeMil 852 $aSeMil$W1$xVenegono$y1$m2R VI 39$j258558$B254065$CSeMilBibl$Z2$F254065 $81 996 $6020$a978-88-00-86433-6$9(OLS)http://semarc/number/303382 996 $6245$aReligioni :$buna storia globale$9(OLS)http://semarc/title/454332 996 $6264$aFirenze :$bLe Monnier Università$9(OLS)http://semarc/publisher/38317 LEADER 01030nam a2200217 i 4500 001 000000180073 003 CaOOAMICUS 005 20090624000000.0 008 090624s1902 it u000 u ita u 013 $a157718 040 $aSeMil$bita 240 13$aIl testo greco originale degli Atti delle ss. Agape, Irene e Chione. Osservazioni sopra gli Atti di s. Crispina. I martiri della Massa Candida. Di una probabile fonte della leggenda dei ss. Giovanni e Paolo.$0(OLS)http://semarc/title/258592 245 10$aNuove note agiografiche. 300 $a75 p. 490 0 $aStudi e testi ;$v9 700 1 $aFranchi de' Cavalieri, Pio,$d<1869-1960>.$0(OLS)http://semarc/name/9626 773 0 $aFranchi de' Cavalieri, Pio <1869-1960>$tNote agiografiche.$dRoma : Tipografia Vaticana, 1902.$w()21545 830 0$aStudi e testi ;$v9.$0(OLS)http://semarc/title/153 850 $aSeMil 852 $aSeMil$W1$xVenegono$y1$m3C V 34$j130825$B130825$CSeMilBibl$Z2$F142449 $81 996 $6245$aNuove note agiografiche$9(OLS)http://semarc/title/258591 LEADER 01341nam a2200289 i 4500 001 000000055369 003 CaOOAMICUS 005 20080827000000.0 008 080827s1997 it u000 u ita u 013 $a26541 020 $a8878027855 040 $aSeMil$bita 100 1 $aApel, Karl-Otto,$d<1922-2017>.$0(OLS)http://semarc/name/90057 245 10$aDiscorso, verità, responsabilità :$ble ragioni della fondazione: con Habermas contro Habermas /$cKarl-Otto Apel ; traduzione e cura di Virginio Marzocchi. 260 $aMilano :$bGuerini e Associati,$c[1997] 300 $a390 p. ;$c23 cm. 490 0 $aSaggi ;$v29 600 14$aHabermas, Jürgen <1929- >.$0(OLS)http://semarc/subject/8196 650 4$aFilosofia del linguaggio.$0(OLS)http://semarc/subject/3184 700 1 $aMarzocchi, Virginio.$0(OLS)http://semarc/name/27798 830 0$aSaggi ;$v29.$0(OLS)http://semarc/title/341 850 $aSeMil 852 $aSeMil$W1$xVenegono$y1$m2P II 562$j21523$B21523$CSeMilBibl$Z2$F21525 $81 961 $aAcquisto: Glossa (Libreria) 996 $6020$a8878027855$9(OLS)http://semarc/number/30413 996 $6245$aDiscorso, verità, responsabilità :$ble ragioni della fondazione: con Habermas contro Habermas$9(OLS)http://semarc/title/85847 996 $6260$aMilano :$bGuerini e Associati$9(OLS)http://semarc/publisher/31885